Μια εισαγωγή στη θεωρία αριθμών
Αποθηκεύτηκε σε:
| Κύριος συγγραφέας: | |
|---|---|
| Μορφή: | Βιβλίο |
| Γλώσσα: | Greek |
| Δημοσίευση: |
Αθήνα :
Σοφία,
c2012.
|
| Έκδοση: | 2η έκδ. |
| Θέματα: | |
| Ετικέτες: |
Προσθήκη ετικέτας
Δεν υπάρχουν, Καταχωρήστε ετικέτα πρώτοι!
|
MARC
| LEADER | 00000cam a2200000 i 4500 | ||
|---|---|---|---|
| 001 | 1/29650 | ||
| 008 | 130517r2012 gr | ||| |||| ||gre|| | ||
| 020 | |a 9789606706448 | ||
| 035 | |l 10114418 | ||
| 040 | |a GR-MyUA |b gre |e AACR2 | ||
| 041 | 0 | |a gre | |
| 082 | 0 | |a 512.7 |2 (22) | |
| 100 | 1 | |a Δεριζιώτης, Δημήτρης Ι. | |
| 245 | 1 | 0 | |a Μια εισαγωγή στη θεωρία αριθμών / |c Δ. Δεριζιώτης. |
| 250 | |a 2η έκδ. | ||
| 260 | |a Αθήνα : |b Σοφία, |c c2012. | ||
| 300 | |a x, 402 σ. : |b πιν. ; |c 24 εκ. | ||
| 504 | |a Περιέχει ευρετήριο. | ||
| 650 | 0 | 0 | |a Number theory. |
| 852 | |a INST |b SAMOS |c EUDOXUS |e 20140124 |h 512.7 ΔΕΡ |p 005300036304 |q 005300036304 |t EDX |y 0 | ||
| 852 | |a INST |b SAMOS |c EUDOXUS |e 20140124 |h 512.7 ΔΕΡ |p 005300036305 |q 005300036305 |t EDX |y 0 | ||
| 852 | |a INST |b SAMOS |c EUDOXUS |e 20140124 |h 512.7 ΔΕΡ |p 005300036306 |q 005300036306 |t EDX |y 0 | ||
| 852 | |a INST |b SAMOS |c EUDOXUS |e 20140124 |h 512.7 ΔΕΡ |p 005300036307 |q 005300036307 |t EDX |y 0 | ||
| 852 | |a INST |b SAMOS |c EUDOXUS |e 20140404 |h 512.7 ΔΕΡ |p 005300036595 |q 005300036595 |t EDX |y 0 | ||
| 852 | |a INST |b SAMOS |c EUDOXUS |e 20130517 |h 512.7 ΔΕΡ |p 005300036596 |q 005300036596 |t EDX |y 0 | ||
| 852 | |a INST |b SAMOS |c EUDOXUS |e 20140409 |h 512.7 ΔΕΡ |p 005300036618 |q 005300036618 |t EDX |y 0 | ||
| 901 | |a BIBL3-2014-1 | ||
| 901 | |a BIBL3-2014-1 | ||
| 901 | |a BIBL3-2014-1 | ||
| 901 | |a BIBL3-2013-2 | ||
| 909 | |a Σ |b 184777 | ||
| 909 | |a Σ |b 184745 | ||
| 909 | |a Σ |b 184460 | ||
| 909 | |a Σ |b 184461 | ||
| 909 | |a Σ |b 184462 | ||
| 909 | |a Σ |b 184463 | ||
| 909 | |a Σ |b 178248 | ||
| 920 | |a ΕΥΔΟΞΟΣ |b ΕΠΙΣΤΡΟΦΗ |y Σάμος |z 2014-4 | ||
| 920 | |a ΕΥΔΟΞΟΣ |b ΠΑΡΑΓΓΕΛΙΑ |y Σάμος-ΤΜΑΘ |z 2013-12 | ||
| 920 | |a ΕΥΔΟΞΟΣ |b ΕΠΙΣΤΡΟΦΗ |y Σάμος |z 2013-02 | ||
| 970 | |a ΚΟΣΙΕΡΗΣ |b ΧΡΗΣΤΟΣ |z 2013/05/17 | ||